Title In The Lyrics *RAP* - Statistics

General Stats
  • This quiz has been taken 118 times
  • The average score is 3 of 10
Answer Stats
Hint Answer % Correct
I have these _____ ______, where I can't move a thing Lucid Dreams
66%
Everyday my birthday ***** it's lit I just turned __ 21
62%
I can swallow a bottle of alcohol, and I'll feel like ________ Godzilla
43%
My AP going ______, lil momma bad like Michael Psycho
37%
You prolly think that you are ______ ___, ______ ___ Better Now
35%
So why you gotta ___ like that, why you gotta ___ like that Lie
18%
____ _______, like Goyard, G-Wagen or the Rover High Fashion
17%
She wanna **** with ___ ___ The Woo
17%
I was outside being bad with ___ ______ The Grinch
16%
She my _____ lol momma Spicy
3%
No matching quizzes found
Score Distribution
Percent of People with Each Score
Percentile by Number Answered
Your Score History
You have not taken this quiz